English urban life, 1776-1851 (Record no. 8062)

MARC details
000 -LEADER
fixed length control field 00511nam a22001937a 4500
003 - CONTROL NUMBER IDENTIFIER
control field OSt
005 - DATE AND TIME OF LATEST TRANSACTION
control field 20230120111937.0
008 - FIXED-LENGTH DATA ELEMENTS--GENERAL INFORMATION
fixed length control field 230120b ||||| |||| 00| 0 eng d
020 ## - INTERNATIONAL STANDARD BOOK NUMBER
International Standard Book Number 0415417570
040 ## - CATALOGING SOURCE
Transcribing agency ddc
082 ## - DEWEY DECIMAL CLASSIFICATION NUMBER
Classification number 307.76 WAL 2007
100 ## - MAIN ENTRY--PERSONAL NAME
Personal name Walvin, James
9 (RLIN) 16408
245 ## - TITLE STATEMENT
Title English urban life, 1776-1851
260 ## - PUBLICATION, DISTRIBUTION, ETC. (IMPRINT)
Place of publication, distribution, etc. London ;
Name of publisher, distributor, etc. Hutchinson :
Date of publication, distribution, etc. 1984
300 ## - PHYSICAL DESCRIPTION
Extent 216 p. ;
Dimensions 25 cm
504 ## - BIBLIOGRAPHY, ETC. NOTE
Bibliography, etc Includes index.
650 ## - SUBJECT ADDED ENTRY--TOPICAL TERM
Topical term or geographic name as entry element Cities and towns -- England -- Growth
9 (RLIN) 16409
942 ## - ADDED ENTRY ELEMENTS (KOHA)
Source of classification or shelving scheme Dewey Decimal Classification
Koha item type Book
Holdings
Withdrawn status Lost status Source of classification or shelving scheme Damaged status Not for loan Home library Current library Date acquired Source of acquisition Inventory number Total Checkouts Full call number Barcode Date last seen Price effective from Koha item type
    Dewey Decimal Classification     MUST Main Library MUST Main Library 20/01/2023 Purchase 15/39492   307.76 WAL 2007 2023-0021 20/01/2023 20/01/2023 Book